<?xml version="1.0" encoding="UTF-8"?><?xml-stylesheet type="text/xsl" href="static/style.xsl"?><OAI-PMH xmlns="http://www.openarchives.org/OAI/2.0/" xmlns:xsi="http://www.w3.org/2001/XMLSchema-instance" xsi:schemaLocation="http://www.openarchives.org/OAI/2.0/ http://www.openarchives.org/OAI/2.0/OAI-PMH.xsd"><responseDate>2026-04-17T05:50:28Z</responseDate><request verb="GetRecord" identifier="oai:www.recercat.cat:2445/221179" metadataPrefix="marc">https://recercat.cat/oai/request</request><GetRecord><record><header><identifier>oai:recercat.cat:2445/221179</identifier><datestamp>2025-12-05T05:59:44Z</datestamp><setSpec>com_2072_1057</setSpec><setSpec>col_2072_478802</setSpec><setSpec>col_2072_478917</setSpec></header><metadata><record xmlns="http://www.loc.gov/MARC21/slim" xmlns:dcterms="http://purl.org/dc/terms/" xmlns:xsi="http://www.w3.org/2001/XMLSchema-instance" xmlns:doc="http://www.lyncode.com/xoai" xsi:schemaLocation="http://www.loc.gov/MARC21/slim http://www.loc.gov/standards/marcxml/schema/MARC21slim.xsd">
   <leader>00925njm 22002777a 4500</leader>
   <datafield ind2=" " ind1=" " tag="042">
      <subfield code="a">dc</subfield>
   </datafield>
   <datafield ind2=" " ind1=" " tag="720">
      <subfield code="a">Sánchez Camacho, Rafael, 1985-</subfield>
      <subfield code="e">author</subfield>
   </datafield>
   <datafield ind2=" " ind1=" " tag="720">
      <subfield code="a">Grané, Mariona</subfield>
      <subfield code="e">author</subfield>
   </datafield>
   <datafield ind2=" " ind1=" " tag="260">
      <subfield code="c">2025-05-22T12:30:17Z</subfield>
   </datafield>
   <datafield ind2=" " ind1=" " tag="260">
      <subfield code="c">2025-05-22T12:30:17Z</subfield>
   </datafield>
   <datafield ind2=" " ind1=" " tag="260">
      <subfield code="c">2023-12-29</subfield>
   </datafield>
   <datafield ind2=" " ind1=" " tag="260">
      <subfield code="c">2025-05-22T12:30:18Z</subfield>
   </datafield>
   <datafield ind2=" " ind1=" " tag="520">
      <subfield code="a">El pensamiento computacional (PC) describe un tipo de pensamiento analítico relacionado con la informática y la programación. La Sociedad Internacional para la Tecnología en la Educación (ISTE) y la Asociación de Profesores de Ciencias de la Computación (CSTA) han desarrollado una definición para promover la inclusión de PC en la educación en los EE. UU. El objetivo de esta revisión sistemática es describir los programas educativos que enseñan PC en educación primaria (rango de edad 6-14 años) publicados en revistas científicas indexadas, siguiendo las pautas PRISMA. La estrategia de búsqueda se llevó a cabo en cinco bases de datos: Dialnet, Psycinfo, Scopus, PyscNET y ERIC. Un total de 40 artículos cumplieron los criterios de inclusión. Los entornos de programación más utilizados fueron Scratch (55%), actividades unplugged (15%) y Code.org (10%). Los softwares encontrados trabajaban varias de las competencias de PC establecidas como básicas según la definición de la establecidas por CSTA &amp; ISTE. Esta revisión sistemática recoge y sintetiza por primera vez los programas educativos que han demostrado ser útiles para trabajar el PC y los relaciona con los estándares de PC establecidos por CSTA, contribuyendo al conocimiento de las herramientas disponibles para utilizar en el ámbito educativo.</subfield>
   </datafield>
   <datafield tag="653" ind2=" " ind1=" ">
      <subfield code="a">Tecnologia educativa</subfield>
   </datafield>
   <datafield tag="653" ind2=" " ind1=" ">
      <subfield code="a">Intel·ligència computacional</subfield>
   </datafield>
   <datafield tag="653" ind2=" " ind1=" ">
      <subfield code="a">Educació primària</subfield>
   </datafield>
   <datafield tag="653" ind2=" " ind1=" ">
      <subfield code="a">Ensenyament assistit per ordinador</subfield>
   </datafield>
   <datafield tag="653" ind2=" " ind1=" ">
      <subfield code="a">Educational technology</subfield>
   </datafield>
   <datafield tag="653" ind2=" " ind1=" ">
      <subfield code="a">Computational intelligence</subfield>
   </datafield>
   <datafield tag="653" ind2=" " ind1=" ">
      <subfield code="a">Primary education</subfield>
   </datafield>
   <datafield tag="653" ind2=" " ind1=" ">
      <subfield code="a">Computer-assisted instruction</subfield>
   </datafield>
   <datafield ind2="0" ind1="0" tag="245">
      <subfield code="a">Programas de pensamiento computacional en educación primaria: una revisión sistemática</subfield>
   </datafield>
   <datafield ind2="0" ind1="0" tag="245">
      <subfield code="a">Programes de pensament computacional en educació primària: una revisió sistemàtica</subfield>
   </datafield>
   <datafield ind2="0" ind1="0" tag="245">
      <subfield code="a">Computational thinking programs in primary education: a systematic review</subfield>
   </datafield>
</record></metadata></record></GetRecord></OAI-PMH>